Vatikan von oben - Statistiken

Allgemein
  • Dieses Quiz wurde 254 mal gespielt
    252 seit der letzten Aktualisierung
  • Das Durchschnittsergebnis liegt bei 5 aus 10
Antworten auf der Karte
Die Antworten werden auf der Karte rot bzw. grün angezeigt, abhängig davon wie oft sie richtig erraten wurden.
 
Antwortstatistiken
Antwort % Korrekt
Petersdom
85%
Obelisk
72%
Kolonnaden
57%
Vatikanische Museen
50%
Sixtinische Kapelle
47%
Kaserne der Schweizergarde
44%
Mater Ecclesiae | Wohnsitz des emeritierten Papstes
42%
Sakristei und Schatzkammer
32%
Apostolischer Palast
30%
Sant’Anna dei Palafrenieri
15%
Keine übereinstimmenden Quizze gefunden
Verteilung der Resultate
Anzahl Personen mit jedem Resultat
Perzentil nach korrekt beantworteten Fragen
Ihre Resultats-Entwicklung
Sie haben dieses Quiz seit der letzten Aktualisierung nicht gespielt